[Event "AUS-ch U18"]
[Site "Canberra"]
[Date "2001.01.22"]
[Round "10.31"]
[White "Hough, Oliver"]
[Black "Martin, Richard"]
[Result "1-0"]
[WhiteElo "685"]
[BlackElo "551"]
[PlyCount "33"]
[EventDate "2001.01.??"]
[EventType "swiss"]
[EventRounds "11"]
[EventCountry "AUS"]
[SourceTitle "CBM 080 Extra"]
[Source "ChessBase"]
[SourceDate "2001.03.08"]
[SourceVersion "1"]
[SourceVersionDate "2001.03.08"]
[SourceQuality "1"]

1. d4 c5 2. Nf3 cxd4 3. Nxd4 d5 4. Nf3 g6 5. Nc3 e6 6. Bf4 Bg7 7. e3 Ne7 8. Be2 Nbc6 9. 0-0 e5 10. Bg3 e4 11. Nd4 Qb6 12. Nxc6 Qxc6 13. Bb5 Bxc3 14. Bxc6+ Nxc6 15. bxc3 Be6 16. f3 exf3 17. Qxf3 1-0